000 01784nam a2200517 i 4500
001 5067
003 KOSZ 005
005 20200526105144.0
008 200526s1979 pl a f 000 0 pol
015 _aUWD 1979/9711
020 _a830100150X
035 _a991015360509705066
035 _a(PL-WaBN)b14125419-48omnis_nlop
035 _ab14125419
035 _a(OCoLC)749181137
035 _a(PL)b0000001412541
035 _a(EXLNZ-48OMNIS_NETWORK)9910444200905606
040 _aWA N
_cWA N
_dKOSZ 005/AR
046 _k1979
080 _a69
080 _a624.01/.07
080 _a(075.8)
100 1 _aPawłowski, Paweł
_c(budownictwo)
_eAutor
245 1 0 _aBudownictwo ogólne /
_cPaweł Pawłowski.
250 _aWydanie 2.
260 _aWarszawa :
_bPaństwowe Wydawnictwo Naukowe,
_c1979.
300 _a599, [1] strona :
_bilustracje ;
_c24 cm.
336 _aTekst
_btxt
_2rdacontent
337 _aBez urządzenia pośredniczącego
_bn
_2rdamedia
338 _aWolumin
_bnc
_2rdacarrier
380 _aKsiążki
380 _aPublikacje dydaktyczne
380 _aPublikacje naukowe
385 _mPoziom nauczania
_aSzkoły wyższe
388 _a1901-2000
388 _a1945-1989
504 _aBibliografia na stronie 599. Wykaz norm na stronie 598.
521 8 _aPodręcznik dla studentów wydziałów budownictwa lądowego wyższych szkół technicznych i akademii rolniczo-technicznych.
650 7 _aBudownictwo
_2DBN
655 7 _aPodręczniki akademickie
_2DBN
658 _aArchitektura i budownictwo
710 _4pbl
_aPaństwowe Wydawnictwo Naukowe
856 _uhttp://koha.tu.koszalin.pl/cgi-bin/koha/opac-detail.pl?biblionumber=5067
_yKatalog online BPK
942 _2UKD
_cKS
999 _c5067
_d5067